[Event "IECG WC.2002.P.00001 email"]
[Site "IECG email"]
[Date "1999.??.??"]
[Round "?"]
[White "Elmer, Steve"]
[Black "Tveit, Geir"]
[Result "1-0"]
[WhiteElo "800"]
[BlackElo "1872"]
[PlyCount "34"]
[EventDate "1999.02.21"]
[EventType "tourn (corr)"]
[EventRounds "10"]
[SourceTitle "Corr 2008"]
[Source "ChessBase"]
[SourceDate "2008.06.24"]
[SourceVersion "1"]
[SourceVersionDate "2008.06.24"]
[SourceQuality "1"]

1. e4 d5 2. exd5 Nf6 3. Bb5+ Nbd7 4. c4 a6 5. Ba4 b5 6. cxb5 Nxd5 7. Qf3 Nc5 8. Nc3 e6 9. bxa6+ Nxa4 10. Nxa4 Bxa6 11. Nc3 Nb4 12. Kd1 Bc4 13. d3 Nxd3 14. Bd2 Nxb2+ 15. Ke1 Nd3+ 16. Kd1 Bb4 17. Nge2 Bb3+ 1-0

[Event "IECG CN.1998.0.00069"]
[Site "IECG email"]
[Date "1998.06.12"]
[Round "?"]
[White "Elmer, Steve"]
[Black "Bouillier, Eric"]
[Result "1/2-1/2"]
[WhiteElo "800"]
[BlackElo "800"]
[PlyCount "73"]
[EventDate "1998.06.12"]
[EventType "tourn (corr)"]
[EventRounds "6"]
[SourceTitle "Corr 2008"]
[Source "ChessBase"]
[SourceDate "2008.06.24"]
[SourceVersion "1"]
[SourceVersionDate "2008.06.24"]
[SourceQuality "1"]

1. e4 e5 2. Nf3 Nc6 3. Bb5 Nf6 4. 0-0 Bc5 5. c3 a6 6. Bxc6 dxc6 7. d4 exd4 8. e5 Nd5 9. cxd4 Be7 10. Nc3 0-0 11. Qd3 Re8 12. Ne4 Nb4 13. Qe2 Bg4 14. a3 Bxf3 15. gxf3 Nd5 16. f4 Qc8 17. Qh5 g6 18. Qf3 f5 19. Ng5 h6 20. Nh3 Qe6 21. Kh1 Rad8 22. Ng1 c5 23. Ne2 Kh7 24. Bd2 cxd4 25. Nxd4 Qb6 26. Nb3 Bh4 27. Ba5 Qb5 28. Rfc1 b6 29. Bb4 Nxb4 30. Rxc7+ Re7 31. Rxe7+ Bxe7 32. axb4 Qxb4 33. Rc1 a5 34. Rc7 Kg8 35. Kg2 Kf8 36. Rc2 b5 37. Nc1 1/2-1/2